Catholic University of Zimbabwe Library
Online Public Access Catalogue
(OPAC)

Adult education and development (Record no. 12007)

MARC details
000 -LEADER
fixed length control field 00437 a2200109 4500
245 ## - TITLE STATEMENT
Title Adult education and development
Remainder of title : Education des adultes et développement. Educación de adultos y desarrollo
Medium print
650 ## - SUBJECT ADDED ENTRY--TOPICAL TERM
Topical term or geographic name entry element EDUCATIONAL DEVELOPMENT\
260 ## - PUBLICATION, DISTRIBUTION, ETC.
Place of publication, distribution, etc. gw
Name of publisher, distributor, etc. Dept. for Adult Education in Developing Countries of the DVV.
Date of publication, distribution, etc. 1973
084 ## -
-- LC2607 .A28
300 ## - PHYSICAL DESCRIPTION
Extent no. 30 cm.
Other physical details no. 30 cm.
Dimensions no. 30 cm.
500 ## - GENERAL NOTE
General note Also issued online.

No items available.

OPENING HOURS

Weekdays: 0815hrs - 1800hrs
Weekends:0900hrs - 1200hrs

Closed for Mass:

Mon, Thur: 1200hrs - 1300hrs
Sunday & Public Holiday’s

CALL SUPPORT

0242-570570, 0242-570169
09200664, +263 8644140602

LOCATION

18443, Cranborne Avenue, Hatfield, Harare

Other Links


©2021 | CUZ Library